LEADER 01482nam a2200253 i 4500 001 000000161231 003 CaOOAMICUS 005 20070521000000.0 008 070521s1969 it u000 u ita u 013 $a138594 040 $aSeMil$bita 100 1 $aPerinotto, Ernesto.$0(OLS)http://semarc/name/28294 245 12$aI controlli statali sugli atti eccedenti l'ordinaria amministrazione degli enti ecclesiastici (benefici, fabbricerie, confraternite) nella regolamentazione italiana e nello spirito del decreto Presbyterorum Ordinis del Vaticano 2. /$cErnesto Perinotto. 260 $aCittą del Vaticano :$bTipografia Poliglotta Vaticana,$c1969. 300 $a182 p. ;$c24 cm. 500 $aFondo Card. Giovanni Colombo. 650 4$aConcilio Vaticano II <1962-1965> - Decreti . Presbyterorum Ordinis.$0(OLS)http://semarc/subject/8894 650 4$aEnti ecclesiastici - Legislazione.$0(OLS)http://semarc/subject/17530 850 $aSeMil 852 $aSeMil$W1$xVenegono$y1$m2H IV 70$j112663$B112663$CSeMilBibl$Z2$F124332 $81 941 1 $a3 961 $aLascito: Colombo Card. Giovanni 996 $6245$aI controlli statali sugli atti eccedenti l'ordinaria amministrazione degli enti ecclesiastici (benefici, fabbricerie, confraternite) nella regolamentazione italiana e nello spirito del decreto Presbyterorum Ordinis del Vaticano 2.$9(OLS)http://semarc/title/144240 996 $6260$aCittą del Vaticano :$bTipografia Poliglotta Vaticana$9(OLS)http://semarc/publisher/30105 LEADER 01184nam a2200301 i 4500 001 000000116023 003 CaOOAMICUS 005 20030605000000.0 008 030605s1987 xxu u000 u eng u 013 $a88712 020 $a0-932088-12-0 040 $aSeMil$bita 100 1 $aLadany, L.$0(OLS)http://semarc/name/48460 245 14$aThe Catholic Church in China /$cL. Ladany. 260 $aNew York :$bFreedom House,$c1987. 300 $a110 p. ;$c23 cm. 490 0 $aPerspectives on Freedom ;$vNo.7 500 $aFondo Card. C.M. Martini. 650 4$aCina - Cristianesimo.$0(OLS)http://semarc/subject/11684 650 4$aCina - Chiesa cattolica - Storia.$0(OLS)http://semarc/subject/19097 830 0$aPerspectives on Freedom ;$vNo.7.$0(OLS)http://semarc/title/12495 850 $aSeMil 852 $aSeMil$W1$xVenegono$y1$m3A IV 66$j71506$B71506$CSeMilBibl$Z2$F104983 $81 941 1 $a4 961 $aOmaggio: Martini Card. Carlo Maria 996 $6020$a0-932088-12-0$9(OLS)http://semarc/number/100006 996 $6245$aThe Catholic Church in China$9(OLS)http://semarc/title/170051 996 $6260$aNew York :$bFreedom House$9(OLS)http://semarc/publisher/32581